Words That End in "Ight" - Statistics

General Stats
  • This quiz has been taken 8 times
  • The average score is 13 of 87
Answer Stats
# Words % Correct
A Alight
88%
B Bright
88%
B Blight
63%
F Fright
63%
P Plight
63%
S Slight
63%
A Alright
50%
F Flight
50%
S Sleight
50%
S Sunlight
50%
A Airtight
38%
F Freight
38%
H Height
38%
M Moonlight
38%
S Moonlight
38%
S Sight
38%
W Weight
38%
W Wright
38%
G Gaslight
25%
K Knight
25%
W Wheelwright
25%
A Aright
13%
D Delight
13%
D Downright
13%
E Eyesight
13%
F Firelight
13%
H Headlight
13%
L Lamplight
13%
L Limelight
13%
M Midnight
13%
N Night
13%
O Overnight
13%
O Overweight
13%
R Redlight
13%
R Relight
13%
S Skylight
13%
S Spright
13%
S Starlight
13%
S Straight
13%
T Tonight
13%
W Wainwright
13%
A Affright
0%
A Aftersight
0%
A Airfreight
0%
A Anight
0%
B Backlight
0%
B Beamright
0%
B Bedight
0%
B Behight
0%
B Benight
0%
B Birthright
0%
B Bombbright
0%
C Candlelight
0%
C Cartwright
0%
C Copyright
0%
D Daylight
0%
F Flashlight
0%
F Floodlight
0%
F Foresight
0%
F Forthright
0%
G Ghostlight
0%
H Hindsight
0%
I Inflight
0%
I Insight
0%
M Millwright
0%
O Outfight
0%
O Outright
0%
O Overbright
0%
O Overfreight
0%
O Oversight
0%
P Playwright
0%
R Resight
0%
R Retight
0%
R Rewright
0%
S Searchlight
0%
S Shipwright
0%
S Shopright
0%
S Stagewright
0%
S Steerright
0%
S Stoplight
0%
S streetlight
0%
T Taillight
0%
T Toplight
0%
U Unbright
0%
U Upbright
0%
U Upright
0%
W Watertight
0%
No matching quizzes found
Score Distribution
Percent of People with Each Score
Percentile by Number Answered
Your Score History
You have not taken this quiz